00828pam a2200217 a 4500020001700000040000800017082002600025100002200051245005200073250001200125260003700137300003400174500002000208650002900228856006200257856005400319856006600373942000700439999001700446952014700463 a0070108137 : cDLC00a330 HIL 1984 A077 Co.1 aChiang, Alpha C.,10aFundamental methods of mathematical economics / a3rd ed. aNew York :bMcGraw-Hill,cc1984. axii, 788 p. :bill. ;c25 cm. aIncludes index. 0aEconomics, Mathematical.42uhttp://www.loc.gov/catdir/description/mh022/83019609.html41uhttp://www.loc.gov/catdir/toc/mh021/83019609.html42uhttp://www.loc.gov/catdir/enhancements/fy0737/83019609-b.html cEK c15556d15556 0010406330_000000000000000_HIL_1984_A077_CO70968981aLBAbLBAcA077d2017-11-29o330 HIL 1984 A077 Co.pA06953r2017-11-29w2017-11-29yEK